[Event "MPL National Senior Chess-ch 2022"]
[Site "Kanpur"]
[Date "2022.02.25"]
[Round "2.13"]
[White "Deepan Chakkravarthy J."]
[Black "Aradhya, Garg"]
[Result "1/2-1/2"]
[WhiteElo "2520"]
[BlackElo "2236"]
[Annotator "TA"]
[PlyCount "95"]
[EventDate "2022.02.25"]
[EventCountry "IND"]
[SourceTitle "playchess.com"]
[Source "ChessBase"]
[SourceQuality "1"]

{[%evp 10,95,18,6,23,-16,0,-5,-26,-21,-37,-93,-45,-54,-40,-51,-50,-68,-58,-97,-87,-87,-97,-93,-113,-126,-81,-114,-125,-112,-120,-121,-4,-4,-4,0,0,0,0,-5,0,0,0,0,0,0,0,-8,-8,-15,0,0,0,0,0,0,0,0,0,0,8,0,0,0,0,0,0,0,0,0,0,-20,-14,-25,-25,-25,0,0,0,0,0,0,0,0,0,0,0,0]} 1. Nf3 d5 2. c4 d4 3. e3 c5 4. b4 dxe3 5. fxe3 cxb4 6. d4 g6 {A09: Réti Opening: 1 Nf3 d5 2 c4.} 7. Bd3 {[%mdl 1024] White has compensation.} Bg7 {[%cal Oe7e5]} 8. O-O Nh6 9. Nbd2 O-O {[%cal Oe7e5] [#]} 10. Rb1 $146 (10. a3 $15) ({Predecessor:} 10. Bb2 e5 11. Qb3 Ng4 12. Nxe5 Nxe5 13. dxe5 Nc6 14. Nf3 Qe7 15. a3 Nxe5 16. Bxe5 Bxe5 17. Nxe5 Qxe5 18. axb4 Qxe3+ {½-½ (68) Baramidze,D (2528)-Meister,P (2407) Bad Liebenzell 2010}) 10... a5 (10... e5 $1 $17 {[%cal Re5d4]} 11. d5 (11. Rxb4 exd4 12. Nb3 Qe7 $17) 11... a5) 11. Qe2 Nd7 12. a3 e5 13. axb4 axb4 14. Rxb4 {[#]} exd4 $1 15. exd4 {[#]} Re8 16. Qd1 {[#]} Nc5 {Prevents Ne4.} 17. Nb3 (17. dxc5 Qxd3) 17... Nxb3 (17... Nxd3 $142 18. Qxd3 Ra2) 18. Bxh6 Nxd4 ({And not} 18... Bxh6 19. Qxb3 Re3 20. c5 $15) 19. Bxg7 Kxg7 20. c5 Bg4 21. Rxd4 $11 {[#]} Qxd4+ 22. Nxd4 Bxd1 23. Rxd1 Re5 24. Nb3 Rd5 25. Be2 Rxd1+ 26. Bxd1 Kf6 27. Bf3 Ra7 28. Bd5 Ke5 29. Bxf7 b6 (29... b5 $5 30. Be8 Ra3 $11) 30. Bg8 Rg7 {Strongly threatening ...b5.} (30... b5 $5 31. Nd2 Kd4 $11) 31. Bc4 bxc5 32. Kf2 ({Of course not} 32. Nxc5 Rc7 33. Bg8 (33. Nd3+ $2 Kd4 $19) 33... Rxc5 34. Bxh7 Rc6 $17) 32... Ra7 33. Ke3 ({Don't blunder} 33. Nxc5 $2 Kd4 34. Be2 Kxc5 $19) 33... Ra2 34. Nd2 Ra8 35. h4 Kf5 36. Be2 Ra3+ 37. Kf2 Ra2 38. Ke3 Ra3+ 39. Kf2 Kf4 40. Bf3 Ra2 41. g3+ Ke5 42. Ke1 c4 43. Nxc4+ {The position is equal.} Kd4 44. Be2 Rxe2+ {[%mdl 64] Remove Defender} 45. Kxe2 {Threatening mate with Ne3.} Kxc4 46. Ke3 Kd5 47. Kf4 h6 48. h5 {Weighted Error Value: White=0.07 (flawless) /Black=0.09 (flawless)} 1/2-1/2

[Event "MPL National Senior Chess-ch 2022"]
[Site "Kanpur"]
[Date "2022.02.25"]
[Round "2.14"]
[White "Wagh Suyog"]
[Black "Iniyan, P."]
[Result "1-0"]
[WhiteElo "2232"]
[BlackElo "2516"]
[Annotator "TA"]
[PlyCount "85"]
[EventDate "2022.02.25"]
[EventCountry "IND"]
[SourceTitle "playchess.com"]
[Source "ChessBase"]
[SourceQuality "1"]

{[%evp 18,85,10,6,0,8,6,12,17,0,0,0,34,0,0,0,88,88,94,77,106,75,126,114,116,120,139,131,181,178,166,165,435,399,430,412,381,375,367,340,399,414,750,515,775,743,787,783,1918,1067,1063,1043,1043,461,459,448,454,447,432,438,687,687,1451,1133,1072,1069,1026,1016,12839,5147]} 1. d4 Nf6 2. c4 e6 3. Nf3 b6 4. g3 Ba6 5. b3 Bb4+ 6. Bd2 Be7 7. Nc3 d5 8. cxd5 exd5 9. Bg2 O-O 10. O-O Nbd7 {E15: Queen's Indian: 4 g3 sidelines, 4 g3 Ba6 and 4 g3 Bb7 early deviations.} 11. a3 Re8 12. b4 c6 {[#] The position is equal.} 13. Re1 $146 ({Predecessor:} 13. Qa4 Bb7 14. Qc2 h6 15. e3 Bd6 16. Rfc1 Rc8 17. Nh4 Bf8 18. Be1 b5 19. Nf3 {½-½ (28) Even,R (2460)-Koentges,M (2394) GER email 2019}) 13... Bc4 14. Qb1 c5 15. dxc5 bxc5 16. e4 a5 (16... dxe4 $1 $11 {keeps the balance.} 17. Nxe4 Rc8) 17. bxa5 $1 $16 {Black is on the road to losing.} Rb8 18. Qc1 {Strongly threatening Nxd5.} d4 19. Na4 {[%cal Bc3a4,Ba4b2,Bb2c4,Bc4d2][%mdl 32]} Bb5 (19... Bb3 $142) 20. Nb2 $1 {White is more active.} Bc6 {[#]} 21. e5 Ne4 {[#]} 22. Nc4 {[%cal Oe5e6] And now e6! would win.} (22. Nxd4 cxd4 23. Bxe4 Bxe4 24. Rxe4 Nc5 $17) 22... f5 (22... Nxd2 $16 {is a better defense.} 23. Nfxd2 Qc7) 23. exf6 $18 Bxf6 24. Bf4 $36 {[%mdl 2048] White has strong initiative.} Rb3 (24... Rc8 {might work better.}) 25. Nfd2 Rc3 26. Qb2 Nxd2 27. Nxd2 Bxg2 28. Kxg2 g5 29. Bd6 {Black must now prevent Qb7.} d3 (29... Be5 $142 30. Qa2+ Kg7) 30. Qb7 {White is clearly winning.} Rxe1 (30... Rc2 $142) 31. Rxe1 Rxa3 32. a6 Bc3 33. Qd5+ Kh8 {[#]} 34. Qf7 $1 Nf6 {Prevents Re8+.} (34... Qa8+ 35. f3) 35. Re7 Qg8 {[#]} 36. a7 Qxf7 37. Rxf7 Bxd2 38. Bxc5 ({Stronger than} 38. Rxf6 Rxa7 39. Bxc5 Rd7 $15) 38... Ra2 (38... Rxa7 $142 39. Rxa7 Bc3) 39. Rxf6 Kg7 40. Bd4 {Intending Ra6+ and mate.} Kg8 41. Rc6 Kf7 42. Rc8 Bc1 43. Rxc1 {Weighted Error Value: White=0.15 (very precise) /Black=0.49} (43. Rc7+ $142 Ke6 44. Rxc1) 1-0

[Event "MPL National Senior Chess-ch 2022"]
[Site "Kanpur"]
[Date "2022.02.26"]
[Round "3.1"]
[White "Adhiban, B.."]
[Black "Koustav Chatterjee"]
[Result "1/2-1/2"]
[WhiteElo "2648"]
[BlackElo "2466"]
[Annotator "TA"]
[PlyCount "145"]
[EventDate "2022.02.25"]
[EventCountry "IND"]
[SourceTitle "playchess.com"]
[Source "ChessBase"]
[SourceQuality "1"]

{[%evp 12,145,26,0,0,0,0,-8,0,0,0,6,4,0,1,11,8,7,4,0,10,0,0,0,33,-9,0,0,0,0,0,-6,-2,-9,0,-12,11,14,20,3,2,10,14,11,29,29,53,52,53,52,53,43,50,26,27,26,26,26,26,20,20,20,20,20,20,9,12,12,21,5,11,5,5,5,5,5,5,5,5,5,5,5,5,5,5,5,5,0,5,0,11,16,14,14,16,11,12,4,9,0,12,12,14,12,14,14,15,12,23,23,42,42,42,8,8,0,18,0,0,0,4,0,0,0,0,0,0,0,0,0,0,0,0,0,0,0]} 1. Nf3 d5 2. e3 Nf6 3. c4 e6 4. b3 c5 5. Bb2 Nc6 6. cxd5 exd5 7. d4 cxd4 {A13: English Opening: 1...e6.} 8. Nxd4 Bb4+ 9. Bc3 $1 Bd6 10. Nd2 O-O 11. Be2 Re8 12. O-O {[#]} Bc7 $146 ({Predecessor:} 12... Nxd4 13. Bxd4 Bf5 14. a3 a6 15. b4 Rc8 16. Qb3 h6 17. Rfc1 Ne4 18. Nxe4 dxe4 {1-0 (40) Nakamura,H (2736)-Gavrilescu,D (2470) Chess.com INT 2021}) 13. Rc1 Qd6 {[%csl Gc7][%cal Rd6h2]} 14. N2f3 {Strongly threatening Nb5.} a6 {To avoid Nb5} 15. Nxc6 bxc6 16. Bxf6 Qxf6 17. Qd4 {aiming for Qxf6.} Qh6 18. Bd3 (18. g3 $14 {should be considered.}) 18... a5 19. Qh4 Qxh4 20. Nxh4 {[%cal Bf3h4,Bh4f5,Bf5d4,Bd4b5,Bb5d6][%mdl 32]} Bb7 21. g3 Bd6 22. Nf5 Bf8 23. Nd4 Rec8 {[%cal Be8c8,Bc8c7,Bc7e7][%mdl 32]} (23... c5 $5 {[%cal Rc5d4]} 24. Nb5 Red8 $11) 24. Bf5 Rc7 25. Rfd1 {[%cal Od4b5]} a4 {[#]} 26. Nb5 $1 Re7 27. Nd6 axb3 28. axb3 Rd8 29. Nxb7 Rxb7 30. Rxc6 Rxb3 31. Rc7 Rb6 32. Rd7 Rd6 33. Rxd8 Rxd8 $11 {[%mdl 4096] Endgame [#] KRB-KRB} 34. Be4 $1 d4 35. exd4 Bc5 36. d5 g6 37. Kg2 Kg7 38. g4 Bd6 39. Ra1 Rb8 40. Ra2 h6 41. h4 Rb4 42. Bf3 Be7 43. h5 gxh5 44. gxh5 Rd4 45. Re2 Bd6 46. Rb2 Be7 47. Ra2 Bd6 48. Re2 Bc5 49. Be4 Bd6 50. Kf3 f5 51. Bb1 Rxd5 52. Re6 Bc5 53. Rg6+ Kh7 54. Ra6 Kg7 55. Rg6+ Kh7 56. Rc6 Bd6 57. Ba2 Rd4 58. Ke3 Re4+ 59. Kd3 Bf4 60. Rf6 Bg5 61. Rf7+ Kh8 62. Bd5 Rh4 {The position is equal.} 63. Bf3 Kg8 64. Ra7 Rh2 65. Ra2 Bh4 66. Bd5+ Kf8 67. Ra6 Bg5 68. f4 Bxf4 69. Rf6+ Ke7 70. Rxf5 Bg5 71. Bf3 Rh4 72. Ra5 Kf6 73. Ra6+ {Weighted Error Value: White=0.05 (flawless) /Black=0.03 (flawless)} 1/2-1/2

[Event "MPL National Senior Chess-ch 2022"]
[Site "Kanpur"]
[Date "2022.02.26"]
[Round "3.2"]
[White "Das, Sayantan"]
[Black "Erigaisi Arjun"]
[Result "0-1"]
[WhiteElo "2459"]
[BlackElo "2633"]
[Annotator "TA"]
[PlyCount "122"]
[EventDate "2022.02.25"]
[EventCountry "IND"]
[SourceTitle "playchess.com"]
[Source "ChessBase"]
[SourceQuality "1"]

{[%evp 9,122,58,50,56,66,58,54,31,65,50,43,-12,-11,-11,12,-22,-23,-29,-22,-25,-18,-23,-24,-26,-26,-34,-30,-45,-27,-40,-38,-31,-26,-94,-94,-100,-10,-6,0,0,0,0,0,0,0,0,0,0,-6,-5,-4,0,0,-37,-20,-35,-34,-65,-65,-51,-18,-65,-65,-65,-65,-218,-65,-322,-315,-472,-425,-2074,-65,-71,-8,-9,0,-4,-7,-5,-11,-10,0,-86,-72,-144,-145,-143,-147,-465,-454,-377,-365,-1526,-180,-728,-722,-1033,-961,-927,-908,-12835,-483,-12836,-10656,-12839,-12839,-12840,-12840,-12844,-12844,-29989,-1008,-29990,-29988]} 1. e4 e5 2. Nf3 Nc6 3. Bb5 a6 4. Ba4 f5 5. d4 exd4 6. e5 {C70: Ruy Lopez: 3...a6 4 Ba4, Norwegian and Delayed Schliemann.} b5 $1 {[%mdl 4] is recently more successful than 6...Bc5.} 7. Bb3 Bb7 8. O-O {White is slightly better.} Na5 $1 9. Nxd4 c5 10. Bxg8 ({Better is} 10. Nxf5 $14 c4 11. Qg4 $1) 10... cxd4 $11 11. Bb3 {[#]} Qb6 $146 ({Predecessor:} 11... Nxb3 12. axb3 Qb6 13. c3 dxc3 14. Nxc3 Bc5 15. Qh5+ g6 16. Qh3 O-O 17. Bf4 Rf7 {1-0 (58) Ter Sahakyan,S (2617)-Mikaelyan,A (2476) Yerevan 2020}) 12. c3 Bc5 13. cxd4 Bxd4 {[%cal Ob6g6] ...Qg6! is the strong threat.} 14. Nd2 $1 Nxb3 $40 {[%mdl 128] White needs to defend precisely.} 15. Qxb3 Qe6 16. Re1 Rc8 17. Qxe6+ dxe6 18. Nb3 Bb6 {A strong pair of Bishops.} 19. Be3 Bxe3 20. Rxe3 Ke7 21. Nd4 {Prevents Rc2.} (21. h4 $11) 21... Rhd8 $17 22. Rd3 Rd5 (22... f4 $17 23. f3 Rd5) 23. f4 $1 $11 Rdc5 24. Rad1 Be4 25. R3d2 g5 26. Ne2 {And now Rd7+ would win.} Rd5 {Prevents Rd7+. Active counter play!} 27. fxg5 {Hoping for Nf4.} Rc2 28. Nd4 Rxd2 29. Rxd2 Rxe5 {[%mdl 4096] Endgame KRB-KRN} 30. Kf2 Rc5 31. Ne2 e5 32. g3 b4 33. Ke3 {[%cal Og3g4]} Bd5 34. Nc1 Kd6 ({Much weaker is} 34... Rxc1 35. Rxd5 Ke6 36. Ra5 $11) (34... Ke6 $5 {[%cal Rc5c1]} 35. Nb3 Rc4 $17) 35. Ne2 (35. Nd3 $1 $11 Rc4 36. b3) 35... a5 $15 36. b3 Ke6 37. Rb2 $2 {[#]} (37. h4 $15) 37... Bc6 $2 (37... Kf7 $1 $19 {Strongly threatening ...Kg6.} 38. Rd2 Kg6) 38. Rb1 $2 {[%mdl 8192]} (38. Rd2 $15) 38... Bb5 $19 {Threatens to win with ...Rc2.} 39. Rd1 (39. Rb2 $142 Rc7 40. Rd2) 39... Rc2 {[%csl LRa2,LRe2]} 40. Rd2 (40. Nc1 $142) 40... Rc8 $2 (40... Rxd2 $19 41. Kxd2 Kf7) 41. Kf2 $15 Ra8 (41... Be8 $17) 42. Rc2 $1 $11 a4 (42... Bd3 $5 {[%cal Rd3c2]} 43. Rc7 Bb1 $11) 43. bxa4 Rxa4 44. Nc1 {Prevents Bd3.} Ra3 45. Rb2 Bc4 46. Nb3 (46. Rxb4 $11 {remains equal.} Bxa2 47. Rh4) 46... e4 $17 {Black continues to play with concentration.} 47. Ke3 (47. h4 $142) 47... Ke5 48. h4 {[#]} Bf7 $1 49. Ke2 $2 {[%mdl 8192]} (49. Kf2 $17) 49... f4 $19 50. gxf4+ Kxf4 {White must now prevent ...Bc4+.} 51. Ke1 $2 (51. g6 Bxg6 52. Kd2) 51... Bh5 $2 (51... Bxb3 52. axb3 Ra1+ 53. Ke2 Rh1) 52. Nc5 $2 (52. Kf2) 52... Rc3 53. Ne6+ Ke3 {[%cal Rc3c1]} 54. Kf1 Bg4 55. Ng7 Rc1+ 56. Kg2 Kf4 57. Rxb4 Rc2+ 58. Kf1 Kf3 {[%cal Rc2c1]} 59. Kg1 e3 {( -> ...Rg2+)} 60. Rb3 Rc1+ 61. Kh2 Kf2 {Weighted Error Value: White=0.89/Black=0.33} 0-1

[Event "MPL National Senior Chess-ch 2022"]
[Site "Kanpur"]
[Date "2022.02.26"]
[Round "3.3"]
[White "Gupta, Abhijeet"]
[Black "Shyaamnikhil P"]
[Result "1-0"]
[WhiteElo "2628"]
[BlackElo "2442"]
[Annotator "TA"]
[PlyCount "49"]
[EventDate "2022.02.25"]
[EventCountry "IND"]
[SourceTitle "playchess.com"]
[Source "ChessBase"]
[SourceQuality "1"]

{[%evp 9,49,33,34,22,65,56,51,37,47,45,38,16,64,59,75,47,115,111,108,96,138,104,221,198,220,220,261,247,244,248,319,351,483,513,534,537,713,705,851,600,725,708]} 1. d4 e6 2. c4 Bb4+ 3. Bd2 a5 4. Nf3 d6 5. a3 Bxd2+ 6. Qxd2 {A40: Unusual replies to 1 d4.} Nd7 (6... Qe7 $11 {was preferrable.}) 7. Nc3 $14 {[#]} Ne7 $146 ({Predecessor:} 7... Ngf6 8. g4 O-O 9. g5 Nh5 10. O-O-O f5 11. Qe3 Re8 12. h4 a4 13. Qd2 b6 {1-0 (42) Indjic,A (2539)-Sedlak,N (2554) Belgrade 2014}) 8. e3 {White is slightly better.} b6 9. Bd3 Bb7 10. O-O-O Qb8 (10... d5 $11 {is superior.}) 11. e4 e5 12. Nd5 (12. Qg5 $5 {[%cal Rg5g7]} Ng6 13. h4 $14) 12... Ng6 ({Better is} 12... Qd8 $14) 13. h4 $16 h5 14. Bc2 {White is much more active. Black has bad knights.} (14. dxe5 {feels hotter.} Ndxe5 15. Nxe5 Nxe5 16. Qg5 Bxd5 17. Qxg7 Ke7 18. exd5 Qg8 19. Qg5+) 14... Qd8 (14... c6 $142) 15. Ng5 Ngf8 (15... exd4 $16 16. Qxd4 O-O) 16. f4 $18 f6 17. Nf3 {Threatens to win with dxe5.} Ne6 18. dxe5 dxe5 19. fxe5 Nxe5 20. Qc3 Nxf3 21. Qxf3 {White is clearly winning.} c6 {[#]} 22. Qe3 $1 Nc5 (22... O-O 23. Nxb6) 23. Nf4 Qc7 24. e5 {And now exf6+ would win.} Qxe5 25. Qf3 {Weighted Error Value: White=0.23 (precise) /Black=0.40} 1-0

[Event "MPL National Senior Chess-ch 2022"]
[Site "Kanpur"]
[Date "2022.02.26"]
[Round "3.4"]
[White "Laxman, R.R."]
[Black "Karthikeyan, Murali"]
[Result "1/2-1/2"]
[WhiteElo "2429"]
[BlackElo "2622"]
[Annotator "TA"]
[PlyCount "60"]
[EventDate "2022.02.25"]
[EventCountry "IND"]
[SourceTitle "playchess.com"]
[Source "ChessBase"]
[SourceQuality "1"]

{[%evp 15,60,9,16,0,0,-4,18,9,29,21,28,19,27,20,62,64,63,8,8,9,24,24,41,31,49,27,60,29,172,42,41,39,50,37,42,33,50,37,37,0,38,0,39,0,55,0,40]} 1. d4 Nf6 2. Nf3 d5 3. c4 e6 4. Nc3 Be7 5. Bg5 Nbd7 6. e3 O-O 7. cxd5 Nxd5 8. Bxe7 Qxe7 9. Be2 {D60: Queen's Gambit Declined: Classical: Unusual White 7th moves.} Nxc3 10. bxc3 c5 11. O-O e5 12. a4 b6 13. a5 {next axb6 is good for White.} Bb7 14. Qb3 Rab8 (14... cxd4 $11 15. cxd4 exd4) 15. axb6 $14 axb6 {[#]} 16. Qb5 $146 {White is more active.} (16. d5 $14) ({Predecessor:} 16. d5 e4 17. Nd2 Qe5 18. c4 f5 19. Ra7 Rf6 20. f4 exf3 21. Nxf3 Qe7 22. Qc3 {1-0 (35) Gavrilov,A (2456)-Chudinovskih,A (2258) Prague 2016}) 16... exd4 17. cxd4 cxd4 18. Nxd4 Ne5 19. Ra7 Qf6 (19... Qg5 $2 20. Rxb7 $1 {[%mdl 512]} (20. g3 Nf3+ 21. Bxf3 Qxb5 $14) 20... Rxb7 21. f4 $18) 20. Rc1 {Strongly threatening f4.} Be4 21. f3 (21. Rac7 {is more complex.} Rbe8 22. Bf1 Qg6 23. h3 Nf3+ 24. Nxf3 Bxf3 25. R7c4) 21... Ra8 {[#]} 22. Rxa8 (22. Rac7 $1 $18 Ra5 23. Qb4) 22... Bxa8 23. Rb1 Rb8 24. Bf1 h5 25. h3 h4 26. Rc1 {[%cal Oc1c5]} Rd8 27. Rb1 Rb8 $1 28. Rc1 {[%cal Oc1c5] Prevents Bc6.} Rd8 29. Rb1 Rb8 $1 30. Rc1 {[%cal Oc1c5]} Rd8 {Weighted Error Value: White=0.25 (precise) /Black=0.20 (precise)} 1/2-1/2

[Event "MPL National Senior Chess-ch 2022"]
[Site "Kanpur"]
[Date "2022.02.26"]
[Round "3.5"]
[White "Sethuraman, S.P."]
[Black "Srijit Paul"]
[Result "1/2-1/2"]
[WhiteElo "2619"]
[BlackElo "2419"]
[Annotator "TA"]
[PlyCount "120"]
[EventDate "2022.02.25"]
[EventCountry "IND"]
[SourceTitle "playchess.com"]
[Source "ChessBase"]
[SourceQuality "1"]

{[%evp 13,120,22,32,18,18,16,43,41,57,58,64,41,49,56,54,63,53,50,118,89,93,90,99,100,99,17,28,15,22,18,12,22,7,0,10,10,15,10,10,15,6,8,10,10,10,15,24,0,0,0,0,0,0,0,0,0,0,0,0,0,0,0,0,0,0,0,0,0,0,0,0,0,0,0,0,0,0,0,8,0,0,0,0,0,0,0,8,0,0,0,10,0,0,0,0,0,0,0,0,0,0,0,0,0,0,0,0,0,0]} 1. e4 c5 2. Nf3 Nc6 3. Nc3 e5 4. Bc4 Be7 5. d3 d6 6. Nd2 Bg5 7. h4 Bh6 $1 {7...Bh6 is better than 7...Bxd2+.} 8. Nf1 {B30: Sicilian: 2...Nc6 3 Bb5, lines without ...g6.} (8. Qh5 {seems wilder.} g6 9. Qd1 Nf6 10. Nd5 Be6 11. c3) 8... Bxc1 9. Qxc1 Be6 {[#]} 10. Qg5 $146 {White is slightly better.} ({Predecessor:} 10. Nd5 Bxd5 11. Bxd5 Nge7 12. Ne3 Nxd5 13. Nxd5 O-O 14. g4 Ne7 15. Nxe7+ Qxe7 16. c4 a6 {½-½ (16) Blimke,D (2150)-Romaszko,S (2050) Brzeg Dolny 1996}) 10... Qf6 11. Ne3 h6 12. Qg3 {[#] Strongly threatening Ned5. White is more active.} Nge7 13. Ned5 Bxd5 14. exd5 Nd4 15. Ne4 Qf4 (15... Nxc2+ $2 16. Kd1 Qg6 17. Qxg6 fxg6 18. Kxc2 $18 (18. Bb5+ Kd8 $18)) ({Black should try} 15... Qg6 $1 $14) 16. Nxd6+ Kd7 {aiming for ...Qxg3.} 17. Qxf4 {The board is on fire.} exf4 18. Nxf7 Rhf8 {[#]} 19. d6 ({Not} 19. Ne5+ Kd6 20. O-O-O Kxe5 $17) (19. O-O-O $1 $16) 19... Nec6 $1 $11 ({But not} 19... Nxc2+ 20. Kd2 Nc6 21. Kxc2 $16) 20. O-O-O Rae8 $1 21. Rhe1 b5 $1 22. Bd5 {With the idea Kd2.} Nb4 {[%csl LRc2,LRd5]} 23. c3 Nxd5 {Pair of Knights!} 24. Ne5+ $1 Kxd6 25. cxd4 cxd4 26. Nf3 Rxe1 27. Rxe1 {[%mdl 4096] Endgame KRN-KRN} Nb4 {[%csl LRa2,LRd3]} 28. Kd2 Nc6 29. Re4 Kd5 30. h5 Rf5 {The position is equal.} 31. Nh4 Rxh5 32. Ng6 Rh2 {[%cal Of4f3] And now ...f3! would win.} 33. Nxf4+ Kc5 $1 34. Ne6+ Kd5 35. Nf4+ Kc5 $1 36. Ne6+ Kd5 37. Re2 g5 38. f4 gxf4 39. Nxf4+ Kc5 40. Re6 Rh1 41. Rf6 a5 42. Rf5+ Kb6 $1 43. a3 b4 44. a4 b3 45. Rb5+ Ka7 46. Rxb3 Nb4 47. Ne6 Rh2 48. Nf4 Rh4 49. Ne2 Rh2 50. g3 Rf2 51. Ra3 Rf3 52. g4 Rf2 53. Ra1 Rf3 54. Ra3 Rf2 55. Ra1 Rf3 56. Rh1 Rxd3+ 57. Kc1 Na2+ 58. Kc2 Nb4+ 59. Kc1 Na2+ 60. Kc2 Nb4+ {Weighted Error Value: White=0.06 (flawless) /Black=0.03 (flawless)} 1/2-1/2

[Event "MPL National Senior Chess-ch 2022"]
[Site "Kanpur"]
[Date "2022.02.26"]
[Round "3.6"]
[White "Gukesh D"]
[Black "Sammed Jaykumar, Shete"]
[Result "1-0"]
[WhiteElo "2614"]
[BlackElo "2408"]
[Annotator "TA"]
[PlyCount "91"]
[EventDate "2022.02.25"]
[EventCountry "IND"]
[SourceTitle "playchess.com"]
[Source "ChessBase"]
[SourceQuality "1"]

{[%evp 14,91,-8,-46,0,-20,-16,-12,-4,-12,10,0,29,20,51,43,62,39,197,196,177,175,175,170,166,165,170,147,156,114,128,92,146,120,131,132,118,110,193,138,486,346,386,283,329,278,278,278,278,278,400,403,398,393,379,367,381,377,449,395,1066,1075,1072,1064,985,950,858,779,976,528,942,901,1813,1521,1729,1697,1736,1587,3605,3041]} 1. d4 Nf6 2. c4 e6 3. Nc3 Bb4 4. a3 Bxc3+ 5. bxc3 O-O 6. e3 d6 7. Bd3 e5 8. Ne2 Re8 {E28: Nimzo-Indian: Sämisch: 5...0-0 6 e3.} (8... e4 $5 {[%cal Re4d3]} 9. Bc2 Nc6 $11) 9. O-O Nc6 10. f3 b6 {The position is equal.} 11. e4 h6 {To avoid Bg5} 12. Be3 Na5 13. Ng3 Ba6 14. Qe2 $1 {[#]} Qd7 $146 ({Predecessor:} 14... c5 15. d5 Qd7 16. Nf5 Rad8 17. Bxh6 gxh6 18. Qe3 Nh7 19. Qxh6 f6 20. f4 Kh8 {1-0 (39) Umetsubo,C (2365)-Franca,W (1985) Florianopolis 2014}) 15. Nf5 Kh7 $2 (15... Qd8 $14) 16. f4 $1 $18 {aiming for fxe5.} Ng8 17. fxe5 (17. Qg4 $6 f6 $14) 17... dxe5 {[#]} 18. Rf3 $1 {Strongly threatening Rg3.} (18. Qg4 $6 f6 $16) 18... Re6 {[#]} 19. Raf1 $1 Rf8 20. d5 Rg6 21. Nh4 {White is more active.} (21. h4 $142) 21... Rg4 $16 22. g3 {[%cal Bg2g3,Bg3h4,Bh4h5][%mdl 32]} c5 (22... Qe7 $142) 23. h3 Rxh4 24. gxh4 f6 25. Rg3 Qf7 (25... Rf7 $16 {was worth a try.} 26. Kh2 (26. Qh5 Bxc4 27. Bc1 Bxd3 $16) 26... Qe7) 26. Kh2 ({Better is} 26. Kh1 $18) 26... Ne7 $2 {[%mdl 8192]} (26... Qe7 $16 27. Rfg1 Rf7) 27. Rfg1 Rg8 28. h5 Nb7 29. a4 Nd6 30. a5 Qf8 31. Qa2 {Threatens to win with axb6.} Bc8 (31... Bb7 {was necessary.} 32. Qb2 Qd8) 32. axb6 $18 axb6 33. Qa7 Qd8 34. Rb1 f5 35. Qxb6 f4 36. Rg6 Nb7 {[#]} (36... Nxg6 37. hxg6+ (37. Bxc5 $2 Qh4 $19) 37... Kxg6 38. Qxd8 (38. Bxc5 Qh4 $14) 38... Rxd8) 37. Bxf4 $1 {White is clearly winning.} exf4 38. e5 {[%csl Gb6][%cal Rg6h6]} Bf5 39. Bxf5 ({Inferior is} 39. Qxb7 Bxd3 40. Rg4 Nf5 $17) 39... Nxf5 40. Qxb7 Qh4 41. d6 Qxh5 42. Rg4 {[%cal Bg6g4,Bg4f4,Bf4f2][%mdl 32]} Kh8 43. Qe4 Ne3 44. Rxf4 Qe2+ 45. Kg1 {Black must now prevent e6.} Qd2 46. Rf2 {Weighted Error Value: White=0.27 (precise) /Black=0.45} 1-0